Az utazási irodák alkalmazkodása a munkaerőpiac elvárásaihoz. A motiváció szerepe a munkahelyi elégedettség kialakításában.

Bibliográfiai részletek
Szerző: Kocs Panna
További közreműködők: Kálmán István
Dokumentumtípus: Diplomadolgozat
Kulcsszavak:elégedettség
fluktuáció
motiváció
munkaerőpiac
utazási irodák
Online Access:http://dolgozattar.uni-bge.hu/60140

MARC

LEADER 00000nta a2200000 i 4500
001 dolg60140
005 20260409150036.0
008 260409suuuu hu om 000 hun d
040 |a BGE Dolgozattár Repozitórium  |b hun 
041 |a hu 
100 1 |a Kocs Panna 
245 1 3 |a Az utazási irodák alkalmazkodása a munkaerőpiac elvárásaihoz. A motiváció szerepe a munkahelyi elégedettség kialakításában.  |c Kocs Panna  |h [elektronikus dokumentum] 
520 3 |a A szakdolgozat célja, hogy feltárja, milyen módon képesek az utazási irodák alkalmazkodni a jelenlegi munkaerőpiac elvárásaihoz, és hogy a motiváció milyen szerepet játszik a munkavállalói elégedettség kialakításában. A tanulmány különös figyelmet fordít az emberi erőforrás-gazdálkodásra, a fiatal munkavállalók elvárásaira, valamint a munkáltatók által alkalmazott motivációs eszközökre. A kutatás alapjául kérdőíves felmérés és mélyinterjúk szolgáltak, melyek segítségével két oldalról – munkáltatói és munkavállalói – is megvizsgálásra kerültek a szektor legfontosabb kihívásai. Az eredmények rávilágítanak arra, hogy az utazási irodák versenyképessége szoros összefüggésben áll a megfelelő toborzási és megtartási stratégiák kialakításával, különösen a fiatalabb generációk esetében. A dolgozat végső következtetése, hogy a hosszú távon sikeres működéshez elengedhetetlen a célzott, generáció-specifikus motivációs rendszerek bevezetése és a munkakörülmények folyamatos fejlesztése. 
695 |a elégedettség 
695 |a fluktuáció 
695 |a motiváció 
695 |a munkaerőpiac 
695 |a utazási irodák 
700 1 |a Kálmán István  |e ths 
856 4 0 |u http://dolgozattar.uni-bge.hu/60140/1/Kocs%20Panna%20szakdolgozat%20FNGBWC.pdf  |z Dokumentum-elérés 
856 4 0 |u http://dolgozattar.uni-bge.hu/60140/2/Szakdolgozat%20%C3%A9rt%C3%A9kel%C5%91%20Bsc.pdf  |z Dokumentum-elérés 
856 4 0 |u http://dolgozattar.uni-bge.hu/60140/3/Szakdolgozat%20%C3%A9rt%C3%A9kel%C5%91%20Bsc.pdf  |z Dokumentum-elérés